| 000 | 00630nam a2200205 a 4500 | ||
|---|---|---|---|
| 001 | 775 | ||
| 005 | 20221127090023.0 | ||
| 008 | 050920s lxxub | 00100 eng d | ||
| 020 |
_a0060826584(hpb) : _cSR111.00 |
||
| 035 | _a788 | ||
| 082 | 0 | 4 |
_a951 _bH468 2006 |
| 100 | 1 | _aHessler, Peter. | |
| 245 | 1 | 0 |
_aOracle bones : _ba journey between China's past and present / _cPeter Hessler. |
| 260 |
_aNew York : _bHarperCollins, _c2006. |
||
| 300 |
_axi, 491 : _bmaps ; _c23 cm. |
||
| 504 | _aIncludes bibl. references and index. | ||
| 651 | 4 |
_aChina _xCivilzation. |
|
| 651 | 4 |
_aChina _xHistory. |
|
| 651 | 4 |
_aChina _xDescription and travels. |
|
| 999 |
_c775 _d775 |
||